000 00608nam a2200217Ii 4500
003 JO-AjNU
008 230606s9999||||xx |||||||||||||| ||und||
020 _a978-81-203-2871-6
040 _aJO-AjNU
_beng
_erda
_cJO-AjNU
041 _aeng
050 1 4 _aQA76.73.2009
100 3 _aJana,Debasish,
_eauthor
_9693
245 0 0 _aC++ Object-Oriented Programming paradigm
250 _a2 ed
264 3 1 _aNewdelhi:phi,2008
300 _a530p
336 _atext
_btxt
_2rdacontent
337 _aunmediated
_bn
_2rdamedia
338 _avolume
_bnc
_2rdacarrier
650 4 _aObject-Orinted programming in c++
_9694
999 _aE365
_c365
_d365